000 00603nam a2200217Ia 4500
003 OSt
005 20221007065355.0
006 a|||||r|||| 00| 0
007 ta
008 221006b |||||||| |||| 00| 0 eng d
024 _a1,984
037 _cTextual
040 _aFLL
_cFLL
_beng
041 _2eng
_aeng
082 _aY1:45:6.3.N5, K5
100 _aWalker Nigel Au.
_9686911
245 0 _aCrime and punishment in Britain
260 _aEdinburgh
_bEdinburgh University Press UK
_c1965
942 _hY1:45:6.3.N5, K5
_cTEXL
_2CC
999 _c1137139
_d1137139